[Event "Dresden zt 1.2"]
[Site "Dresden"]
[Date "1998.05.06"]
[Round "8"]
[White "Pavasovic, Dusko"]
[Black "Atlas, Dimitry"]
[Result "1-0"]
[WhiteElo "2505"]
[BlackElo "2315"]
[Annotator "Donev,I"]
[PlyCount "83"]
[EventDate "1998.04.28"]
[EventType "swiss"]
[EventRounds "11"]
[EventCountry "GER"]
[SourceTitle "CBM 065"]
[Source "ChessBase"]
[SourceDate "1998.08.06"]
[SourceVersion "1"]
[SourceVersionDate "1998.08.06"]
[SourceQuality "1"]

1. e4 e6 2. d4 d5 3. Nd2 Nf6 4. e5 Nfd7 5. c3 c5 6. Bd3 Nc6 7. Ngf3 cxd4 8.
cxd4 f5 9. exf6 Nxf6 10. O-O Bd6 11. Qe2 O-O 12. Nb3 Qc7 13. Re1 a5 {Die
andere Alternativen sind:} (13... Bd7 14. Ne5 Rae8 15. Bg5 Bc8 16. Rac1 $14) (
13... Ng4 14. h3 Rxf3 15. Qxf3 Nh2 16. Qh5 g6 17. Bxg6 $1 hxg6 18. Qxg6+ Kh8
19. Bg5 $18 {1-0 Steinfl-Ricci/Madonna di Campiglio 1985 (22)}) 14. Be3 (14. a4
Nb4 15. Bb1 Bd7 16. Bg5 Rae8 17. Ne5 Bc8 18. Bh4 b6 19. Rc1 Qb8 20. Bxf6 gxf6
21. Bxh7+ {1-0 Wall,T-Smith,A/Bolton 1995}) 14... a4 15. Nbd2 Bd7 16. a3 Rae8
17. Rac1 Qa5 18. h3 Qa8 19. Bb5 Rf7 $6 $14 {Schwarz verpaßt die Möglichkeit
den typischen Durchbruch im Zentrum durchzuführen:} (19... e5 $142 20. Bxc6 (
20. dxe5 Nxe5 21. Nxe5 Rxe5) (20. Nxe5 Nxe5 21. dxe5 Bxb5 22. Qxb5 Rxe5 $11)
20... bxc6 21. dxe5 Bxe5 22. Nxe5 Rxe5 23. Nf3 Ree8 $11) 20. Bxc6 bxc6 $6 (
20... Bxc6 $142 21. Bg5 Nd7 $14) 21. Ne5 $1 $16 {Die weiße Bauernstruktur ist
besser, weil Schwarz schwache Bauern a4,e6 und c6 hat, von denen der Bauer c6
auf der halboffenen c Linie unter Beschuss liegt. Er wird bald Beute der
besser plazierten weißen Figuren. Das schwarze Gegenspiel auf den b2 Bauer ist
zu langsam.} Rfe7 (21... Bxe5 22. dxe5 Ne4 23. Nxe4 dxe4 24. Bd4 Rf4 25. Qc2
$16) 22. Bg5 Qb7 23. Ndf3 Qb5 24. Qc2 $1 {[%cal Yc1c6,Ye5c6] Weiß hat schon
klare Positionele Vorteil. Seine Figuren sind optimal plaziert und es ist zeit
eine von beide schwäche(c6 und e6) zu erobern.} Bb8 (24... Rc8 25. Nxd7 Rxd7
26. Bxf6 gxf6 27. Rxe6 $18) 25. Nxd7 Rxd7 26. Bxf6 gxf6 27. Qxc6 $16 {Der Rest
ist Technik.} Qxc6 28. Rxc6 Kf7 29. Rec1 Rd6 30. Kf1 Ke7 31. R1c2 Kd7 32. R6c5
Ra6 33. Ne1 $1 Bd6 34. Nd3 $1 {Hier steht der Springer sehr gut. Von einer
Seite deckt er den schwachen Bauer b2, von anderer kontrolliert die wichtigen
c5 und e5 Felder.} Ke7 35. Rb5 Rb8 36. Rxb8 Bxb8 37. Rc8 (37. Nb4 $5 Rb6 38.
Rc6 Rb7 39. Ra6 Bc7 40. Rxa4 Bb6 41. Nd3 $18) 37... Rb6 38. Rh8 $18 Kd6 39.
Rxh7 Bc7 40. Rf7 Rb3 41. Nc5 Rxb2 42. Rxf6 1-0

[Event "Nancy-A 10th"]
[Site "Nancy"]
[Date "2012.02.21"]
[Round "2"]
[White "Bauer, Christian"]
[Black "Edouard, Romain"]
[Result "1/2-1/2"]
[WhiteElo "2679"]
[BlackElo "2616"]
[Annotator "Edouard,R"]
[PlyCount "116"]
[EventDate "2012.02.20"]
[EventType "tourn"]
[EventRounds "10"]
[EventCountry "FRA"]
[EventCategory "16"]
[SourceTitle "CBM 147"]
[Source "ChessBase"]
[SourceDate "2012.03.16"]
[SourceVersion "1"]
[SourceVersionDate "2012.03.16"]
[SourceQuality "1"]

1. e4 e6 2. d4 d5 3. Nd2 Be7 4. Ngf3 Nf6 5. Bd3 c5 6. e5 Nfd7 7. c3 Nc6 8. O-O
a5 9. Re1 cxd4 10. cxd4 Qb6 {Black has some other moves here, including ...g5,
which also require precise analysis.} 11. Nb1 Nxd4 12. Nxd4 Qxd4 13. Nc3 Qb6
14. Qg4 Kf8 $5 {An interesting move, not weakening the pawn structure.} (14...
O-O 15. Bh6 g6 16. Bxf8 Bxf8 {is another possibility, played by my opponent
himself couple of years before, but I believe White is simply better here.}) (
14... g6 {is also more popular than the text move.}) 15. Nb5 Nc5 16. Be3 Bd7
17. Nd6 Bxd6 18. exd6 Rc8 $1 $146 (18... Qxd6 $6 19. Qg3 $1 $40 {1-0 (26)
Rublevsky,S (2670)-Lputian,S (2638) Poikovsky 2003}) 19. Bd4 f6 {I had
forgotten to recheck all those lines before the game, and from here I just
could only remember general ideas.} 20. Qf3 (20. Qg3 {is a bit more natural.})
20... Kg8 {A natural move, but after the quite logical 20...Kf7 White would
have to decide to take a draw or to play some very aggressive stuff which may
simply not work.} (20... Kf7 21. Qh5+ (21. Qg3 {makes no sense since Black
simply wins one quite important tempo.}) 21... Kf8 {and here it seems no
sacrifice is really working and I'm not sure White can do something better
than making draw.} (21... g6 22. Qf3 Qd8 {should also be playable.})) 21. Qg3
Kf7 $6 {Quite an important blunder from the positional point of view. I played
too fast, but White's position doesn't seem so impressive even after that.
Actually I made a very common mistake for chess players: I was trying to
remember my analysis and could not remember ...Qd8 anywhere, so I decided to
go 21...Kf7 which I considered also good. But it seems like my analysis
mentioned only 20...Kf7.} (21... Qd8 {would be normal, while the game could
carry on with} 22. Bf5 e5 $1 23. f4 exd4 24. Bxd7 Nxd7 25. Re7 g6 {and it
seems Black is going to defend with ...d3 and ...Qb6 and the position is equal.
}) 22. Bf5 {A thematic idea.} (22. Rac1 {seems quite natural but after} Qb4 $8
(22... e5 $2 23. Qe3 $18) 23. Bc3 Qb6 24. Bc2 Ne4 25. Bxe4 dxe4 26. Rxe4 Rc5 {
it doesn't seem like White's advantage is really big.}) ({After} 22. Rad1 {
Black would simply go} Qc6 {threatening ...Nxd3 or ...Ne4, and I don't think
White has any advantage.}) 22... Qb4 $6 {Also a thematic idea, but once again
I should be more quiet and go to d8. For some reason I felt like this move was
too passive and should be forbidden!} ({After} 22... Qd8 $1 {Black is going to
play ...g6 next and should be quite fine.}) 23. Bc3 (23. Rad1 $1 Rce8 24. Bc3
Qb6 25. Bc2 {would transpose into the game, avoiding some possibilities for
Black on move 23.}) 23... Qb6 (23... Qc4 $5 {or}) (23... Qa4 $5 {with the idea
of taking on a2 when the a-rook is moved is probably best. But I had missed
that 23.Rad1 was so strong and just decided to repeat.}) 24. Bd4 Qb4 25. Bc3
Qb6 26. Rad1 Rce8 27. Bc2 Qc6 $1 {It is necessary for Black to play ...e5 as
fast as possible, even if the price is a pawn.} 28. Bxa5 e5 (28... b6 $5 {
was also possible, in order to avoid Bc7, and after} 29. Bc3 e5 30. f4 $5 {
Black would go} e4 31. b4 Nd3 32. Bxd3 exd3 33. Qxd3 Qxd6 {and probably draw
despite some slight suffering.}) 29. Bc7 Ne6 30. Rc1 (30. Bb3 $5 Nd4 31. Qd3 $1
{was probably best, while I should probably go} Nxb3 32. Qxb3 g5 $1 {and once
again suffer a bit and draw. Of course it is important that White is not able
to capture the d5-pawn without exchanging the queens.}) 30... Qb5 31. Bd3 $6 (
31. Qc3 {would have been better but after} Nf4 {the position is just unclear.})
31... Qa4 $6 (31... Qxb2 $1 {was necessary, with a very tricky position, but
definitely fine for Black. I overlooked that} 32. Rb1 $6 Qxa2 33. Rxb7 {
was met by} Nc5 $1 $15) 32. a3 (32. Bb1 Bc6 {is just unclear.}) 32... Qf4 ({
Starting with} 32... g6 $5 {might make even more sense.}) 33. Bb6 $6 $138 {
Definitely not the right way to enter the endgame. Furthermore, White should
simply not exchange queens!} ({After} 33. Qh3 g6 34. Bf1 {White would keep
some pressure.}) 33... Rc8 34. Qxf4 Nxf4 35. Bf1 Rxc1 $1 {The simplest and
probably best.} 36. Rxc1 Rc8 37. Rc7 Rxc7 38. dxc7 Ne6 39. g3 $6 (39. Ba5 {
was the normal move, but after} Bc8 {(threatening ...Ke7 followed by ...Kd6 or
...Kd7)} 40. Bb5 Nd4 $1 {definitely White is trying to make a draw.}) 39... Ke7
40. Bh3 Nxc7 $138 {After this move I went for a little rest (since we had
reached move 40) and thought my winning chances should be quite big, but I
later understood that probably the position was just a draw in spite of my
extra pawn, and I'm not even sure there is so much to say about it!} (40... Kd6
41. Bxe6 Bxe6 42. a4 d4 {seems like dangerous for White, but the pawn on c7 is
too strong and White will bring over the king and be able to make a draw
without real problems.}) 41. Bg2 $8 (41. Bxc7 Bxh3 {should be completely
losing for White.}) 41... Na8 42. Bc5+ Ke6 43. f4 Bc6 ({I lost some time
calculating} 43... Nc7 $2 {and noticed that White has} 44. f5+ {followed by
Bb6/d6 and capturing the d5-pawn with check!}) 44. Bh3+ f5 (44... Kf7 45. Bd6
Nb6 {was the second option I considered but after} 46. fxe5 Nc4 47. e6+ Ke8 48.
Bb4 Nxb2 49. Bf1 {I evaluated correctly that the position was a rather easy
draw for White.}) 45. Kf2 {The simplest.} Nc7 ({After} 45... e4 46. Ke3 {
I don't think I will ever be able to break through.}) 46. Bb6 Nb5 47. fxe5 (47.
Bf1 Nd6 48. fxe5 Kxe5 49. Ke3 {was even a better defence.}) 47... Kxe5 48. Bf1
Nd4 ({I was considering} 48... d4 {was objectively my only chance (probably I
would have entered that kind of positions in the event of 47.Bf1) but after
thinking for quite a long time I realised that the opposite coloured bishop
ending is just a draw, since the endgame f+d+b vs a+b was a draw. Let's try
some random moves:} 49. Bxb5 Bxb5 50. Kf3 Bc6+ 51. Ke2 g5 52. Bd8 h6 53. h4 f4
54. hxg5 hxg5 55. gxf4+ gxf4 56. Kd3 Bb5+ 57. Kd2 Ke4 58. Bc7 f3 59. Bg3 Kf5 (
59... Kd5 60. Bf2 $5 Kc4 61. Bg1 Bc6 62. Bf2 Be4 63. Bg1 d3 64. Bf2 Kb3 {
is always met by} 65. Bd4 {or 65.Kc1.}) 60. a4 Ba6 61. Bf2 d3 {and White
simply has a drawing setup:} 62. Ke3 Kg4 63. Be1 $1 {and Black cannot improve
the position anymore, while putting the black bishop somewhere else would
allow b4-b5-a5-a6 with a draw.}) 49. Bd3 Ne6 50. Ba7 g6 51. Bb8+ Kd4 52. Ke2
Ng5 53. Ba7+ Ke5 54. Ke3 Ne6 55. Bb8+ Kf6 56. Ba7 Ke5 57. Bb8+ Kf6 58. Ba7 Ke5
({Of course} 58... g5 {was possible, but I considered rightly that} 59. Bd4+ {
was an easy draw, while any other move would not give me real winning chances
either. With some seconds left on th clock, I decided not to take the risk of
seeing b4-b5-a4-a5 come!}) 1/2-1/2

[Event "RUS-ch U18"]
[Site "Moscow"]
[Date "1995.??.??"]
[Round "7"]
[White "Malakhov, Vladimir"]
[Black "Kobalia, Mihail"]
[Result "1-0"]
[WhiteElo "2395"]
[BlackElo "2415"]
[Annotator "Endgame-CD"]
[PlyCount "189"]
[EventDate "1995.??.??"]
[EventType "tourn"]
[EventRounds "11"]
[EventCountry "RUS"]
[EventCategory "8"]
[SourceTitle "CBM 046"]
[Source "ChessBase"]
[SourceDate "1995.06.01"]
[SourceVersion "1"]
[SourceVersionDate "1995.06.01"]
[SourceQuality "1"]

1. e4 {Hecht} e6 2. d4 d5 3. Nd2 Nf6 4. e5 Ne4 5. Bd3 f5 6. exf6 Nxf6 7. Ne2 c5
8. c3 Nc6 9. Nf3 Bd6 10. Bf4 Bxf4 11. Nxf4 cxd4 12. cxd4 Qa5+ 13. Qd2 Qxd2+ 14.
Kxd2 O-O 15. Ne2 Bd7 16. Rac1 Rae8 17. Rhf1 Ne4+ 18. Ke3 e5 19. dxe5 Nxe5 20.
Nxe5 Rxe5 21. Kd4 Rg5 22. f3 Nd6 23. g3 Nb5+ 24. Ke3 Re5+ 25. Kd2 Rfe8 26. Rfe1
Bc6 27. Bxb5 Bxb5 28. Nd4 Rxe1 29. Rxe1 Rxe1 30. Kxe1 Bd7 31. Kd2 Kf7 32. Ke3
Kf6 33. f4 b6 34. b4 a6 35. Nf3 h6 36. Kd4 Ke6 37. Ne5 Bb5 38. g4 Be2 39. h4
Bd1 40. f5+ Kd6 41. a3 Bb3 42. f6 (42. g5 {Hecht} hxg5 43. hxg5 Bc2 44. f6 gxf6
45. gxf6 Bb3 46. f7 Ke7 47. Nd7 Kxf7 48. Nxb6 Ke6 $10) 42... gxf6 43. Nf7+ Ke6
44. Nxh6 Bc2 45. Nf5 (45. g5 {Hecht} fxg5 46. hxg5 a5 $14) 45... Bxf5 46. gxf5+
Kxf5 47. Kxd5 Kg4 48. Ke6 f5 49. h5 f4 50. h6 f3 51. h7 f2 52. h8=Q f1=Q 53.
Qd4+ Kh3 54. Qe3+ Kh2 55. Kd7 a5 56. Qxb6 Qh3+ 57. Kc6 Qxa3 58. Qxa5 $10 Qf3+ {
Zwei Stellungsmerkmale sprechen für remis: 1. Der Springerbauer verringert die
weißen Möglichkeiten 2. Der schwarze König ist weit weg vom weißen Bauern ,
wodurch sich die Gegenschachchancen für Weiß auf ein Minimum reduzieren.
Stünde der Bauer auf c4 oder d4, wäre die Stellung für Weiß gewonnen. This
position is a draw, because: 1. The night pawn reduces the chances of White. 2.
The black king is far away from the sqare b8, which reduces the possibility of
a chounter check to a minimum.  With a pawn on c4 or d4, White could win.} 59.
Qd5 Qc3+ 60. Qc5 Qf3+ 61. Kb6 Kh3 62. b5 Qf6+ 63. Kb7 Qf7+ 64. Kb8 {Ein
weiteres Schach auf der Grundreihe geht nun nicht wegen Dc8 mit Gegenschach.
Da der Bauer noch nicht weit vorgerückt ist, kann Schwarz aber einen Wartezug
mit der Dame machen. A further chess on the 8th rank is not possible because
of Qc8 with counter check. But Black has time for a waiting move.} Kh4 $4 {
Dieser Zug sieht sehr logisch aus, denn Schwarz folgt der Regel, daß der
Verteidiger zwischen den beiden Königen eine Reihe bzw. Diagonale Raum lassen
soll, um Gegenschachs zu verhindern. Konkret wird auch ein Damenschach auf der
Grundreihe vorbereitet. Allerdings funktioniert die Regel hier nicht, weil
Schwarz den Grundsatz verletzt, den eigenen König möglichst weit weg vom
Umwandlungsfeld des Bauern aufzustellen.This move seems to be logical,
according to the rule, that there should be one line space between the places
of the two kings to avoid counter checks. But this rule doesn't work here,
because Blach hurts the rule that his king should be far away from the square
b8, best on h3 or g2.} (64... Kg2 $10 {Einziger Königszug, der auch noch remis
hält. Vielleicht ist das Feld h3 das Idealfeld.}) (64... Kh2 $4 65. Qc7+ $18) (
64... Qb3 $10 {Ebenso zum Remis genügen 64...Qa2,g6,g7,f6,f4,f3,f1}) 65. b6
Qe8+ 66. Kc7 $1 {jeder Königszug gewinnt. every move with the king wins.} (66.
Qc8 $2 Qb5 67. b7 Qe5+ 68. Qc7 Qe8+ 69. Ka7 Qa4+ {Weiß kann ewigem Schach
nicht ausweichen. and white cannot avoid perpetual check.}) 66... Qf7+ 67. Kd6
$2 {Jeder andere Königszug gewinnt every move with the king wins, eccept this
one.} (67. Kc6 $18 Qe8+ 68. Kd5 Qg8+ 69. Kd4 Qg1+ 70. Kc4 Qf1+ 71. Kb4 Qe1+ 72.
Kb5 Qe8+ 73. Ka5 Qd8 74. Kb4 Qd2+ 75. Kc4 Qe2+ 76. Kd5 Qh5+ 77. Kd6 Qg6+ 78.
Kd7 {Es droht 78.De7 mit folgendem Doppelangriff auf Dame und König auf e8,e6
oder d6. The threat is Qe7 attacking king and queen on e8,e6 or d6.} Qg4+ 79.
Kc7 Qg7+ 80. Kc6 Qf6+ (80... Qg2+ 81. Qd5 Qc2+ 82. Kd6 Qg6+ 83. Kc5 {wonach
kein Schach mehr möglich ist (82...Dc2?? 83.Dc4) und Weiß Zeit hat, seinen
Bauern vorzuziehen. giving white time to move the pawn, because no check is
possible in the moment.}) 81. Kd7 Qb2 82. Ke6 Qb3+ 83. Ke7 Qb2 84. Kf7 Qa2+ 85.
Kf6 Qb2+ 86. Kf5 Qb1+ 87. Ke5 Qe1+ (87... Qb2+ 88. Qd4+) 88. Kf6 Qa1+ 89. Kg6
Qb1+ 90. Kh6 Qb2 91. Qe7+ Kh3 (91... Kg3 92. Qg7+) 92. b7 Qd2+ 93. Kg7 Qd4+ 94.
Kg8 Qd5+ 95. Kf8 Qf5+ 96. Ke8 Qh5+ 97. Kd8 Qa5+ 98. Kc8 Qc3+ 99. Kd7 Qd4+ 100.
Qd6 Qa4+ (100... Qg7+ 101. Kc6 Qc3+ 102. Kb5 Qb2+ 103. Qb4 Qe5+ 104. Ka4 Qe8+
105. Ka3 Qb8 106. Kb3 Kh2 107. Kb2 Qe5+ 108. Kb1 Qb8 109. Qh4+ Kg1 110. Qg4+
Kf2 111. Qc8 $18) 101. Qc6 Qd4+ 102. Kc8 Qh8+ 103. Kc7 Qe5+ 104. Qd6 Qa5+ 105.
Kc8 Qc3+ 106. Kd7 Qg7+ 107. Kc6 Qc3+ 108. Kb5 Qb2+ 109. Qb4 Qe5+ 110. Ka4 Qe8+
111. Ka3 Qb8 $18) (67. Kc6 $1 {Hecht}) 67... Qf8+ $2 (67... Kh3 $1 $10) (67...
Kh3 $3 {Hecht alles andere verliert}) 68. Kd5 Qg8+ 69. Kd4 {Nun steht der
angreifende König auf derselben Reihe wie der Verteidiger, was die
Möglichkeiten zum Gegenschach erhöht, und damit die Anzahl der Felder, von
denen die schwarze Dame Schachgebote geben kann, verringert. Stünde der
schwarze König auf h3 oder g2, müßte der weiße König sich noch weiter vom
eigenen Bauern entfernen, um dieses Ziel zu erreichen. Now the attacking and
the defending king are on the same line. This improves White's possibilities
to give a counter check and reduces for the black queen the number of squares
for a check.} Qg1+ 70. Kc4 Qf1+ 71. Kb4 Qe1+ 72. Qc3 (72. Ka4 $1 {Hecht etwas
stärker}) 72... Qe7+ (72... Qb1+ $1 {Hecht}) 73. Ka5 (73. Kb3 {ist schneller.})
(73. Kb3 $1 {Hecht 10 Züge stärker - der s K kommt nicht zurück!}) 73... Qd8
74. Qc4+ $2 (74. Qf3 $1 $18) (74. Kb5 $18 {Hecht}) (74. Qf3 $18 {Hecht}) (74.
Qc2 $18 {Hecht}) 74... Kh3 $1 $10 75. Qe6+ Kg3 76. Kb5 Qd3+ $1 77. Kc6 Qc3+ 78.
Kd7 Qg7+ 79. Kc8 Qf8+ 80. Kc7 Qc5+ 81. Kb8 Qd4 82. b7 Kh4 $2 $18 {Den
schwarzen König zieht es wieder nach h4 und wieder verliert dies. Again he
move to h4 and again this this looses.} (82... Qd8+ $10 83. Qc8 Qd5 $10 (83...
Qd6+ $4 84. Qc7 $18)) (82... Kh2 $10 {Hecht}) (82... Kg2 $10 {Hecht}) (82...
Qc3 $10 {Hecht}) (82... Qd8+ $10 {Hecht}) (82... Qc5 $10 {Hecht}) 83. Kc7 Qc5+
84. Kd8 Qa5+ 85. Ke8 (85. Kd7 $1 {Hecht}) 85... Qb5+ 86. Qd7 Qh5+ 87. Qf7 Qh8+
(87... Qb5+ 88. Kf8 Kg4 89. Qc7 Qf5+ 90. Kg8 Qd5+ 91. Kh8 Qh5+ 92. Qh7 $18) 88.
Kd7 Qd4+ 89. Kc6 Qc3+ 90. Kd6 Qb4+ 91. Ke6 Qb6+ 92. Kf5 Qc5+ 93. Kg6 Qh5+ 94.
Kg7 Qg4+ (94... Qg5+ 95. Kh7 Qe5 {ist hartnäckiger} 96. Qc4+ Kh5 97. Qc6 (97.
Qc8 $4 Qe7+ 98. Kg8 Qg5+ $10 {mit ewigem Schach.}) 97... Qe7+ 98. Kg8 (98. Kh8
$4 Qf8+ 99. Kh7 Qf7+ $10) 98... Qg5+ 99. Kf8 Qf4+ 100. Ke7 Qe5+ 101. Qe6 Qc7+
102. Kf6 {der schnellste Weg} Qd8+ (102... Qxb7 103. Qh3#) 103. Kg7 Qb8 104.
Qe4 Qc7+ (104... Kg5 {Hecht} 105. Kf7 $3 Qa7 106. Ke8 $1 Qb8+ 107. Kd7 Qa7 108.
Qb4 Qb8 (108... Kh5 109. Kc7 Kg5 110. Qb6 $18) 109. Qc5+ Kh4 110. Qc7 $18) 105.
Kf8 Qd6+ 106. Qe7 Qh6+ 107. Kg8 Qg6+ 108. Kh8 {und der Bauer zieht ein.}) 95.
Kf8 (95. Kf8 Qg3 96. Qh7+ Kg4 97. Qg7+ $18) 1-0